[Event "DVM U16 2016"]
[Site "Neumarkt in der Oberpfalz GER"]
[Date "2016.12.27"]
[Round "2"]
[White "Kesselmeier, Kevin"]
[Black "Mühlpfordt, Thomas"]
[Result "1-0"]
[Termination "normal"]
[Board "9.1"]
[WhiteElo "1893"]
[BlackElo "1828"]
[WhiteTeam "SK Blauer Springer Paderborn"]
[BlackTeam "SC 1997 Lambsheim"]
[PlyCount "109"]
[WhiteFideId "16217551"]
[BlackFideId "12986623"]
[EventCountry "GER"]
[EventRounds "7"]
[EventType "team-swiss"]
[EventDate "2016.12.26"]

1. e4 e5 2. Nf3 Nc6 3. Bb5 a6 4. Ba4 Nf6 5. O-O Be7 6. Re1 b5 7. Bb3 O-O 8. c3
d5 9. exd5 Nxd5 10. Nxe5 Nxe5 11. Rxe5 c6 12. d3 Bd6 13. Re1 Qh4 14. g3 Qd8 15.
Qf3 Bb7 16. Be3 Kh8 17. Nd2 f5 18. Bxd5 cxd5 19. Bd4 f4 20. Qg4 Qc7 21. Re6 Bc8
22. Qxg7+ Qxg7 23. Bxg7+ Kxg7 24. Rxd6 Bb7 25. Rd7+ Rf7 26. Rxf7+ Kxf7 27. Nf3
Re8 28. Kf1 Bc8 29. d4 Bh3+ 30. Kg1 Kf6 31. Ne5 f3 32. Re1 Kf5 33. Re3 Bg2 34.
g4+ Kf6 35. Nd7+ Kf7 36. Rxe8 Kxe8 37. Nf6+ Kf7 38. Nxd5 Bh3 39. Ne3 Ke6 40. b3
Kd6 41. c4 bxc4 42. bxc4 Kc6 43. a4 a5 44. c5 h6 45. Kh1 Kc7 46. d5 Kd7 47. d6
Kc6 48. Kg1 Kd7 49. Nd5 Kc6 50. Nf6 Kb7 51. d7 Kc7 52. c6 Kd8 53. Ne8 Bxg4 54.
Nd6 Bxd7 55. Nb7+ 1-0

[Event "DVM U16 2016"]
[Site "Neumarkt in der Oberpfalz GER"]
[Date "2016.12.27"]
[Round "2"]
[White "Wacker, Andreas"]
[Black "Möller, Lisa-Marie"]
[Result "0-1"]
[Termination "normal"]
[Board "9.2"]
[WhiteElo "1646"]
[BlackElo "1772"]
[WhiteTeam "SC 1997 Lambsheim"]
[BlackTeam "SK Blauer Springer Paderborn"]
[PlyCount "142"]
[WhiteFideId "12953083"]
[BlackFideId "12959367"]
[EventCountry "GER"]
[EventRounds "7"]
[EventType "team-swiss"]
[EventDate "2016.12.26"]

1. e4 d5 2. exd5 Qxd5 3. Nc3 Qa5 4. d4 c6 5. Nf3 Nf6 6. Bd2 Qb6 7. Na4 Qc7 8.
Bd3 Bg4 9. O-O e6 10. h3 Bh5 11. Re1 Be7 12. c4 O-O 13. Nc3 Re8 14. Ne4 Nbd7
15. Ng3 Bg6 16. Bxg6 hxg6 17. Bc3 Rad8 18. Qc2 b5 19. Ne5 Nxe5 20. dxe5 Nd7 21.
cxb5 cxb5 22. Qb3 a6 23. a3 Nc5 24. Qc2 Nd3 25. Re3 Nf4 26. Rc1 Qb7 27. Rf3
Nxh3+ 28. Kh2 Ng5 29. Re3 Nh7 30. Rd1 Rxd1 31. Qxd1 Rd8 32. Rd3 Rxd3 33. Qxd3
Qd5 34. Qc2 Nf8 35. b4 Nd7 36. Qe2 Bg5 37. Qe1 Bf4 38. Kg1 Bxe5 39. Bxe5 Nxe5
40. Qc1 Nc4 41. Qf4 Qe5 42. Qc1 f6 43. Qc2 Kh7 44. Qd3 Qd5 45. Qc3 Qd2 46. Qf3
Qc1+ 47. Kh2 Qxa3 48. Qg4 Qxb4 49. Qh3+ Kg8 50. Qxe6+ Kf8 51. Qc8+ Kf7 52. Qxa6
Ne5 53. Qb7+ Kg8 54. Qc8+ Qf8 55. Qe6+ Nf7 56. Qb6 Qb4 57. Qb8+ Kh7 58. Qb7 Qc4
59. Kg1 b4 60. Nf1 b3 61. Nd2 Qc1+ 62. Kh2 Qxd2 63. Qxb3 Ng5 64. Qg3 Ne4 65.
Qf3 Nxf2 66. Kg1 Qd1+ 67. Kxf2 Qxf3+ 68. gxf3 Kh6 69. Kg3 Kg5 70. Kg2 Kf4 71.
Kf2 g5 0-1

[Event "DVM U16 2016"]
[Site "Neumarkt in der Oberpfalz GER"]
[Date "2016.12.27"]
[Round "2"]
[White "Walow, Xenia"]
[Black "Dalchow, Jonas"]
[Result "1-0"]
[Termination "normal"]
[Board "9.3"]
[WhiteElo "1627"]
[BlackElo "1785"]
[WhiteTeam "SK Blauer Springer Paderborn"]
[BlackTeam "SC 1997 Lambsheim"]
[PlyCount "93"]
[WhiteFideId "12971839"]
[BlackFideId "12971251"]
[EventCountry "GER"]
[EventRounds "7"]
[EventType "team-swiss"]
[EventDate "2016.12.26"]

1. d4 Nf6 2. Nf3 g6 3. e3 Bg7 4. Bd3 d5 5. b3 O-O 6. Bb2 Bg4 7. Nbd2 Nbd7 8. h3
Bxf3 9. Nxf3 e6 10. O-O c5 11. c4 b6 12. Qe2 Qc7 13. Rac1 Qb7 14. Rc2 dxc4 15.
Bxc4 Nd5 16. Ba6 Qc7 17. Ba3 Qd6 18. Rfc1 Nc7 19. dxc5 bxc5 20. Bd3 Rad8 21.
Bxc5 Nxc5 22. Rxc5 Qxd3 23. Qxd3 Rxd3 24. Rxc7 a5 25. Kf1 Bf6 26. Ke2 Rd5 27.
Rb7 Rdd8 28. Rc5 Ra8 29. Rbc7 Rfe8 30. Ne5 Re7 31. Rc8+ Rxc8 32. Rxc8+ Kg7 33.
Nc6 Rd7 34. Nxa5 Ra7 35. b4 Bb2 36. Rc4 Ba3 37. Nc6 Rc7 38. b5 Rb7 39. Rc3 Bd6
40. a4 Bc7 41. Rd3 Bb6 42. Rb3 Kf8 43. a5 Bc5 44. a6 Rc7 45. Rc3 Bb6 46. Ra3
Rc8 47. a7 1-0

[Event "DVM U16 2016"]
[Site "Neumarkt in der Oberpfalz GER"]
[Date "2016.12.27"]
[Round "2"]
[White "Dalchow, Mario"]
[Black "Müller, Noah"]
[Result "0-1"]
[Termination "normal"]
[Board "9.4"]
[WhiteElo "1471"]
[BlackElo "1583"]
[WhiteTeam "SC 1997 Lambsheim"]
[BlackTeam "SK Blauer Springer Paderborn"]
[PlyCount "120"]
[WhiteFideId "12971421"]
[BlackFideId "16217586"]
[EventCountry "GER"]
[EventRounds "7"]
[EventType "team-swiss"]
[EventDate "2016.12.26"]

1. e4 d5 2. exd5 Qxd5 3. Nc3 Qa5 4. d3 c6 5. Nf3 Nf6 6. Be2 Bf5 7. O-O e6 8. a3
Be7 9. Be3 O-O 10. Nh4 Bg6 11. Nxg6 hxg6 12. Qd2 Nbd7 13. Ne4 Qd8 14. Nxf6+
Nxf6 15. c3 Qc7 16. d4 Bd6 17. g3 Rad8 18. Bg5 Be7 19. Qf4 Qa5 20. Bxf6 Bxf6
21. h4 g5 22. hxg5 Bxg5 23. Qe5 Qxe5 24. dxe5 Rd2 25. Bf3 Rxb2 26. Rfb1 Rxb1+
27. Rxb1 b6 28. Rd1 Rc8 29. Rd7 a5 30. Rd6 Bc1 31. Rxc6 Rxc6 32. Bxc6 Bxa3 33.
f4 f6 34. exf6 gxf6 35. c4 Kf7 36. Kf2 Ke7 37. Ke3 Kd6 38. Bb5 Kc5 39. Ke4 Bb2
40. Bd7 Kxc4 41. Bxe6+ Kb4 42. g4 a4 43. g5 fxg5 44. fxg5 b5 45. Kd3 Ka3 46.
Kc2 b4 47. Bd7 b3+ 48. Kb1 Be5 49. Bf5 Kb4 50. g6 a3 51. Be4 a2+ 52. Kc1 a1=Q+
53. Kd2 Qd4+ 54. Bd3 Bf4+ 55. Ke2 Qe5+ 56. Kf2 Qb2+ 57. Kf1 Bg3 58. Be2 Qe5 59.
Kg2 Qxe2+ 60. Kxg3 b2  0-1

[Event "DVM U16 2016"]
[Site "Neumarkt in der Oberpfalz GER"]
[Date "2016.12.27"]
[Round "2"]
[White "Kandler, Philipp"]
[Black "Merx, Florian"]
[Result "0-1"]
[Termination "normal"]
[Board "10.1"]
[WhiteElo "1594"]
[BlackElo "1717"]
[WhiteTeam "Gütersloher SV"]
[BlackTeam "SV Empor Erfurt"]
[PlyCount "38"]
[WhiteFideId "16200772"]
[BlackFideId "16212304"]
[EventCountry "GER"]
[EventRounds "7"]
[EventType "team-swiss"]
[EventDate "2016.12.26"]

1. e4 e5 2. Nf3 Nc6 3. Bc4 Nf6 4. Ng5 d5 5. exd5 b5 6. Bxb5 Qxd5 7. Bxc6+ Qxc6
8. Nf3 Bd6 9. d3 e4 10. dxe4 Ba6 11. Nc3 Nxe4 12. Nd4 Qb7 13. Nce2 O-O 14. O-O
Rad8 15. Qe1 Rfe8 16. f3 Nf6 17. Bg5 Be5 18. Qh4 Qb6 19. Rfd1 Bxe2 0-1

[Event "DVM U16 2016"]
[Site "Neumarkt in der Oberpfalz GER"]
[Date "2016.12.27"]
[Round "2"]
[White "Vo, Minh"]
[Black "Neumann, Theodor"]
[Result "1-0"]
[Termination "normal"]
[Board "10.2"]
[WhiteElo "1656"]
[BlackElo "1739"]
[WhiteTeam "SV Empor Erfurt"]
[BlackTeam "Gütersloher SV"]
[PlyCount "159"]
[WhiteFideId "12976512"]
[BlackFideId "16200799"]
[EventCountry "GER"]
[EventRounds "7"]
[EventType "team-swiss"]
[EventDate "2016.12.26"]

1. c4 e5 2. Nc3 Nc6 3. g3 f5 4. Bg2 Nf6 5. e3 Bb4 6. Nge2 O-O 7. O-O d6 8. a3
Bxc3 9. Nxc3 Be6 10. b3 Qc8 11. d4 Bd7 12. f4 e4 13. b4 Qe8 14. d5 Ne7 15. Bb2
Ng4 16. Qd2 Qh5 17. h3 Nf6 18. Ne2 h6 19. a4 g5 20. a5 g4 21. h4 a6 22. Bd4 Ng6
23. Qe1 Kf7 24. Qf2 b5 25. Bxf6 Kxf6 26. c5 Ne7 27. c6 Be8 28. Nc3 Qf7 29. Rfd1
Nxc6 30. dxc6 Bxc6 31. Rac1 Rac8 32. Qb2 Kg6 33. Ne2 Bd7 34. Qd2 Be6 35. Nd4
Rfd8 36. Nxe6 Qxe6 37. Rc6 Rd7 38. Qd5 Qxd5 39. Rxd5 Ra8 40. Rd1 Kf6 41. Rdc1
Ke6 42. Rxc7 Rad8 43. Rxd7 Rxd7 44. Bf1 Ke7 45. Be2 d5 46. Kf2 Rd6 47. Rc5 Ke6
48. Bd1 Kf6 49. Bb3 d4 50. Bd5 dxe3+ 51. Kxe3 Ke7 52. Kd4 Kd7 53. Ke5 Ke7 54.
Rc7+ Rd7 55. Rxd7+ Kxd7 56. Bb3 Kc6 57. Bd5+ Kd7 58. Bb3 Kc6 59. Kxf5 e3 60.
Bd1 Kd5 61. Kg6 Kc4 62. f5 Kxb4 63. f6 Kxa5 64. f7 e2 65. Bxe2 Ka4 66. f8=Q a5
67. Qf4+ b4 68. Bxg4 Ka3 69. Qc1+ Kb3 70. Bd1+ Ka2 71. Qc2+ Ka1 72. Qa4+ Kb2
73. Qxa5 Kc3 74. Qd5 h5 75. Qb3+ Kd2 76. Qxb4+ Kxd1 77. Qb2 Ke1 78. Kxh5 Kf1
79. Kg4 Kg1 80. Kf3  1-0

[Event "DVM U16 2016"]
[Site "Neumarkt in der Oberpfalz GER"]
[Date "2016.12.27"]
[Round "2"]
[White "Fortenbacher, Dominic"]
[Black "Schulz, Theresa Charlotte"]
[Result "1-0"]
[Termination "normal"]
[Board "10.3"]
[WhiteElo "1579"]
[BlackElo "1595"]
[WhiteTeam "Gütersloher SV"]
[BlackTeam "SV Empor Erfurt"]
[PlyCount "63"]
[WhiteFideId "16200780"]
[BlackFideId "12952206"]
[EventCountry "GER"]
[EventRounds "7"]
[EventType "team-swiss"]
[EventDate "2016.12.26"]

1. e4 c5 2. Nc3 Nc6 3. f4 g6 4. Nf3 Bg7 5. Bb5 Nd4 6. O-O e6 7. d3 a6 8. Ba4 b5
9. Bb3 Ne7 10. a4 Nxb3 11. cxb3 b4 12. Ne2 O-O 13. d4 Bb7 14. Ng3 cxd4 15. Nxd4
a5 16. f5 Bf6 17. Kh1 Nc6 18. Nb5 Ba6 19. Bh6 Bg7 20. Bxg7 Kxg7 21. f6+ Kh8 22.
Qd2 Rg8 23. Qg5 Qf8 24. Rfd1 Bxb5 25. axb5 Nb8 26. Rd3 Ra7 27. e5 Qc5 28. Ne4
Qf8 29. Rh3 d6 30. Qh4 h5 31. Qxh5+ gxh5 32. Rxh5+ 1-0

[Event "DVM U16 2016"]
[Site "Neumarkt in der Oberpfalz GER"]
[Date "2016.12.27"]
[Round "2"]
[White "Finke, Daniel"]
[Black "Qiu, Oliver"]
[Result "1-0"]
[Termination "normal"]
[Board "10.4"]
[WhiteElo "1560"]
[BlackElo "1661"]
[WhiteTeam "SV Empor Erfurt"]
[BlackTeam "Gütersloher SV"]
[PlyCount "161"]
[WhiteFideId "16217675"]
[BlackFideId "16200713"]
[EventCountry "GER"]
[EventRounds "7"]
[EventType "team-swiss"]
[EventDate "2016.12.26"]

1. e4 e5 2. Nf3 Nc6 3. Bc4 Bc5 4. b4 Bxb4 5. c3 Be7 6. d4 exd4 7. cxd4 Bb4+ 8.
Bd2 Bxd2+ 9. Nbxd2 d6 10. O-O Nf6 11. e5 dxe5 12. dxe5 Nd5 13. Ne4 Be6 14. Rc1
Nf4 15. Bxe6 Nxe6 16. Qb3 Rb8 17. Rfd1 Qc8 18. Qa3 Nf4 19. Re1 Qe6 20. Nf6+
gxf6 21. exf6 Ne2+ 22. Rxe2 Qxe2 23. Re1 Qxe1+ 24. Nxe1 Kd7 25. Qh3+ Kd6 26.
Nf3 Rbe8 27. Kf1 Ne5 28. Nxe5 Rxe5 29. Qa3+ Kc6 30. Qxa7 Rhe8 31. g3 b6 32.
Qa4+ Kb7 33. Qc4 R8e6 34. Qh4 h5 35. Qf4 Ra5 36. Qd4 Rf5 37. f4 Rexf6 38. Qe4+
Ka7 39. Qa4+ Ra5 40. Qc4 Rc5 41. Qa4+ Kb7 42. Kg2 Rfc6 43. Kh3 f6 44. Qd1 Rd6
45. Qe2 Ra5 46. Qe4+ Rad5 47. Qf3 Kb8 48. Qe3 Ra5 49. Qe8+ Kb7 50. Qe4+ Rc6 51.
Qg2 Ra3 52. Qd5 Ra5 53. Qg2 Rac5 54. Qf3 b5 55. Qe4 Ka6 56. Qe8 Ka5 57. Qe1+
Ka4 58. Qb1 b4 59. Qb3+ Ka5 60. a3 bxa3 61. Qxa3+ Kb6 62. Qb4+ Rb5 63. Qd4+ Kb7
64. Kh4 Rc2 65. Qe4+ Rc6 66. Qd4 Rd6 67. Qe4+ Rbd5 68. h3 c5 69. Qc4 Kb6 70.
Qb3+ Kc6 71. Qa4+ Kb6 72. Qb3+ Kc7 73. Qc4 Kd7 74. Qb5+ Kc7 75. Qa5+ Rb6 76.
Qa7+ Rb7 77. Qa5+ Rb6 78. Qa7+ Kc6 79. Qa8+ Rb7 80. Qc8+ Kb6 81. Qe6+ 1-0

[Event "DVM U16 2016"]
[Site "Neumarkt in der Oberpfalz GER"]
[Date "2016.12.28"]
[Round "4"]
[White "Dechant, Georg"]
[Black "Hesse, Henrik"]
[Result "1/2-1/2"]
[Termination "normal"]
[Board "1.2"]
[WhiteElo "2005"]
[BlackElo "1932"]
[WhiteClock "00:01:56"]
[BlackClock "00:01:45"]
[WhiteTeam "SC Bavaria Regensburg"]
[BlackTeam "SV Mattnetz Berlin"]
[PlyCount "69"]
[WhiteFideId "12956716"]
[BlackFideId "12952060"]
[EventCountry "GER"]
[EventRounds "7"]
[EventType "team-swiss"]
[EventDate "2016.12.26"]

1. e4 {[%clk 1:30:58]} c5 {[%clk 1:30:38]} 2. Nf3 {[%clk 1:31:22]} e6 {[%clk
1:31:00]} 3. d4 {[%clk 1:31:47]} cxd4 {[%clk 1:31:21]} 4. Nxd4 {[%clk 1:32:12]}
Nc6 {[%clk 1:31:44]} 5. Nc3 {[%clk 1:32:38]} Qc7 {[%clk 1:32:05]} 6. Be3 {[%clk
1:33:02]} a6 {[%clk 1:32:04]} 7. Qd2 {[%clk 1:33:27]} Nf6 {[%clk 1:32:07]} 8.
f4 {[%clk 1:33:50]} d6 {[%clk 1:25:37]} 9. O-O-O {[%clk 1:31:49]} Be7 {[%clk
1:24:46]} 10. Be2 {[%clk 1:31:27]} O-O {[%clk 1:24:13]} 11. g4 {[%clk 1:29:47]}
d5 {[%clk 0:53:04]} 12. exd5 {[%clk 1:20:27]} Nxd5 {[%clk 0:52:35]} 13. Nxd5
{[%clk 1:20:35]} exd5 {[%clk 0:52:59]} 14. Kb1 {[%clk 1:17:11]} Na5 {[%clk
0:38:19]} 15. f5 {[%clk 1:11:09]} Nc4 {[%clk 0:32:13]} 16. Bxc4 {[%clk
1:11:16]} dxc4 {[%clk 0:31:49]} 17. g5 {[%clk 1:05:49]} g6 {[%clk 0:28:54]} 18.
f6 {[%clk 0:33:32]} Bc5 {[%clk 0:27:44]} 19. Qg2 {[%clk 0:33:07]} c3 {[%clk
0:21:13]} 20. h4 {[%clk 0:24:50]} Bd7 {[%clk 0:16:05]} 21. h5 {[%clk 0:09:14]}
Bxd4 {[%clk 0:15:25]} 22. hxg6 {[%clk 0:06:28]} fxg6 {[%clk 0:09:53]} 23. Qd5+
{[%clk 0:06:52]} Rf7 {[%clk 0:09:14]} 24. Qxd4 {[%clk 0:06:57]} cxb2 {[%clk
0:08:47]} 25. Qxb2 {[%clk 0:06:25]} Bf5 {[%clk 0:07:13]} 26. Bb6 {[%clk
0:06:22]} Qc6 {[%clk 0:05:31]} 27. Rh2 {[%clk 0:05:12]} Rc8 {[%clk 0:04:31]}
28. Rhd2 {[%clk 0:04:53]} Rd7 {[%clk 0:02:20]} 29. Bd4 {[%clk 0:00:43]} Rxd4
{[%clk 0:01:20]} 30. Qxd4 {[%clk 0:01:08]} Bxc2+ {[%clk 0:01:46]} 31. Ka1
{[%clk 0:01:28]} Bxd1 {[%clk 0:02:02]} 32. Rxd1 {[%clk 0:01:34]} Qc3+ {[%clk
0:00:52]} 33. Qxc3 {[%clk 0:01:54]} Rxc3 {[%clk 0:01:20]} 34. Rd8+ {[%clk
0:01:40]} Kf7 {[%clk 0:01:45]} 35. Rd7+ {[%clk 0:01:56]} 1/2-1/2

[Event "DVM U16 2016"]
[Site "Neumarkt in der Oberpfalz GER"]
[Date "2016.12.28"]
[Round "4"]
[White "Brüll, Elias"]
[Black "Petersen, Marcel"]
[Result "1/2-1/2"]
[Termination "normal"]
[Board "1.4"]
[WhiteElo "1617"]
[BlackElo "1638"]
[WhiteClock "00:21:46"]
[BlackClock "01:32:06"]
[WhiteTeam "SC Bavaria Regensburg"]
[BlackTeam "SV Mattnetz Berlin"]
[PlyCount "95"]
[WhiteFideId "12964921"]
[BlackFideId "12935670"]
[EventCountry "GER"]
[EventRounds "7"]
[EventType "team-swiss"]
[EventDate "2016.12.26"]

1. e4 {[%clk 1:30:57]} c5 {[%clk 1:30:47]} 2. Nf3 {[%clk 1:31:22]} d6 {[%clk
1:31:14]} 3. d4 {[%clk 1:31:49]} cxd4 {[%clk 1:31:41]} 4. Nxd4 {[%clk 1:32:14]}
Nf6 {[%clk 1:32:06]} 5. Nc3 {[%clk 1:32:40]} g6 {[%clk 1:32:30]} 6. Be3 {[%clk
1:33:00]} Bg7 {[%clk 1:32:55]} 7. f3 {[%clk 1:33:11]} O-O {[%clk 1:33:17]} 8.
Bc4 {[%clk 1:33:34]} Bd7 {[%clk 1:33:32]} 9. Qd2 {[%clk 1:33:58]} h5 {[%clk
1:33:50]} 10. O-O-O {[%clk 1:33:05]} Nc6 {[%clk 1:34:06]} 11. Kb1 {[%clk
1:31:17]} a6 {[%clk 1:34:21]} 12. h4 {[%clk 1:16:13]} Ne5 {[%clk 1:32:42]} 13.
Bb3 {[%clk 1:13:39]} b5 {[%clk 1:30:33]} 14. Rdg1 {[%clk 1:04:22]} Rc8 {[%clk
1:29:14]} 15. Bh6 {[%clk 0:59:37]} Nc4 {[%clk 1:29:03]} 16. Bxc4 {[%clk
0:59:10]} Rxc4 {[%clk 1:29:20]} 17. Bxg7 {[%clk 0:56:57]} Kxg7 {[%clk 1:29:42]}
18. g4 {[%clk 0:55:30]} Rh8 {[%clk 1:25:06]} 19. gxh5 {[%clk 0:36:37]} Rxh5
{[%clk 1:25:24]} 20. Rg5 {[%clk 0:35:57]} Rc5 {[%clk 1:24:17]} 21. Nd5 {[%clk
0:17:17]} Nxd5 {[%clk 1:20:22]} 22. Rxd5 {[%clk 0:17:19]} Rcxd5 {[%clk
1:19:01]} 23. exd5 {[%clk 0:17:44]} Rxd5 {[%clk 1:14:14]} 24. h5 {[%clk
0:17:26]} Qh8 {[%clk 1:14:18]} 25. h6+ {[%clk 0:09:13]} Kh7 {[%clk 1:14:40]}
26. Qf4 {[%clk 0:08:51]} Qf6 {[%clk 1:12:55]} 27. Qxf6 {[%clk 0:06:51]} exf6
{[%clk 1:13:19]} 28. Ne2 {[%clk 0:06:37]} Rh5 {[%clk 1:13:12]} 29. Rd1 {[%clk
0:05:09]} Bc6 {[%clk 1:12:10]} 30. Rxd6 {[%clk 0:02:32]} Bxf3 {[%clk 1:12:34]}
31. Nc1 {[%clk 0:02:48]} a5 {[%clk 1:11:32]} 32. Rxf6 {[%clk 0:02:15]} Bd5
{[%clk 1:11:55]} 33. b3 {[%clk 0:01:55]} Kxh6 {[%clk 1:12:00]} 34. Nd3 {[%clk
0:00:56]} Kg5 {[%clk 1:11:49]} 35. Ra6 {[%clk 0:01:08]} Be4 {[%clk 1:06:03]}
36. Rxa5 {[%clk 0:00:36]} Bxd3 {[%clk 1:06:01]} 37. cxd3 {[%clk 0:01:05]} Kf4
{[%clk 1:06:20]} 38. Kc2 {[%clk 0:01:17]} b4 {[%clk 0:59:27]} 39. Ra4 {[%clk
0:01:06]} Rb5 {[%clk 0:59:51]} 40. a3 {[%clk 0:00:41]} g5 {[%clk 0:59:53]} 41.
Rxb4+ {[%clk 0:25:21]} Rxb4 {[%clk 1:30:12]} 42. axb4 {[%clk 0:25:49]} Ke5
{[%clk 1:30:29]} 43. Kd2 {[%clk 0:25:10]} Kd4 {[%clk 1:30:45]} 44. Ke2 {[%clk
0:24:58]} g4 {[%clk 1:31:05]} 45. Kf2 {[%clk 0:22:50]} f5 {[%clk 1:31:27]} 46.
Kg3 {[%clk 0:22:37]} Kd5 {[%clk 1:31:51]} 47. Kf4 {[%clk 0:21:48]} Kc6 {[%clk
1:32:06]} 48. d4 {[%clk 0:21:46]} 1/2-1/2

[Event "DVM U16 2016"]
[Site "Neumarkt in der Oberpfalz GER"]
[Date "2016.12.28"]
[Round "4"]
[White "Sieber, Fiona"]
[Black "Ovsepyan, Arshak"]
[Result "1-0"]
[Termination "normal"]
[Board "2.1"]
[WhiteTitle "WFM"]
[WhiteElo "2169"]
[BlackElo "2205"]
[WhiteClock "00:25:48"]
[BlackClock "00:00:38"]
[WhiteTeam "SG Aufbau Elbe Magdeburg"]
[BlackTeam "SK Gräfelfing"]
[PlyCount "63"]
[WhiteFideId "12902373"]
[BlackFideId "24690236"]
[EventCountry "GER"]
[EventRounds "7"]
[EventType "team-swiss"]
[EventDate "2016.12.26"]

1. e4 {[%clk 1:30:58]} Nf6 {[%clk 1:30:43]} 2. e5 {[%clk 1:31:23]} Nd5 {[%clk
1:31:06]} 3. d4 {[%clk 1:31:48]} d6 {[%clk 1:31:12]} 4. c4 {[%clk 1:32:13]} Nb6
{[%clk 1:31:36]} 5. exd6 {[%clk 1:32:39]} cxd6 {[%clk 1:31:56]} 6. d5 {[%clk
1:33:04]} e5 {[%clk 1:26:09]} 7. Nc3 {[%clk 1:33:09]} g6 {[%clk 1:24:16]} 8.
Bd3 {[%clk 1:30:37]} Bg7 {[%clk 1:24:29]} 9. Nge2 {[%clk 1:28:17]} O-O {[%clk
1:23:51]} 10. O-O {[%clk 1:28:01]} Na6 {[%clk 1:23:57]} 11. b3 {[%clk 1:26:14]}
Nc5 {[%clk 1:12:58]} 12. Bc2 {[%clk 1:26:00]} Bd7 {[%clk 1:12:47]} 13. Be3
{[%clk 1:22:47]} Qc7 {[%clk 1:03:28]} 14. Rc1 {[%clk 1:22:05]} Rac8 {[%clk
0:52:33]} 15. Bb1 {[%clk 1:17:45]} Qb8 {[%clk 0:46:17]} 16. Kh1 {[%clk
1:12:05]} Rfe8 {[%clk 0:37:30]} 17. f4 {[%clk 1:11:02]} exf4 {[%clk 0:34:59]}
18. Bxf4 {[%clk 1:11:18]} Bg4 {[%clk 0:35:00]} 19. Qd2 {[%clk 1:10:16]} Bxe2
{[%clk 0:29:48]} 20. Nxe2 {[%clk 1:10:43]} Be5 {[%clk 0:29:53]} 21. Nd4 {[%clk
1:08:39]} Ncd7 {[%clk 0:24:43]} 22. Rc3 {[%clk 1:04:18]} Bxd4 {[%clk 0:19:41]}
23. Qxd4 {[%clk 1:04:35]} Ne5 {[%clk 0:20:06]} 24. Bg5 {[%clk 0:40:31]} f5
{[%clk 0:15:21]} 25. Rg3 {[%clk 0:39:09]} Rc7 {[%clk 0:06:15]} 26. Bxf5 {[%clk
0:31:08]} gxf5 {[%clk 0:05:47]} 27. Be7+ {[%clk 0:31:15]} Ng6 {[%clk 0:05:00]}
28. Bxd6 {[%clk 0:31:26]} Qd8 {[%clk 0:03:02]} 29. Bxc7 {[%clk 0:31:44]} Qxc7
{[%clk 0:03:30]} 30. Rg5 {[%clk 0:26:57]} Re4 {[%clk 0:01:09]} 31. Qf6 {[%clk
0:25:48]} Rh4 {[%clk 0:00:38]} 32. Rxg6+ 1-0

[Event "DVM U16 2016"]
[Site "Neumarkt in der Oberpfalz GER"]
[Date "2016.12.28"]
[Round "4"]
[White "von Schlippe, Nikolai"]
[Black "Biastoch, Bennet"]
[Result "1-0"]
[Termination "normal"]
[Board "2.2"]
[WhiteElo "2114"]
[BlackElo "2115"]
[WhiteClock "00:12:07"]
[BlackClock "00:09:12"]
[WhiteTeam "SK Gräfelfing"]
[BlackTeam "SG Aufbau Elbe Magdeburg"]
[PlyCount "41"]
[WhiteFideId "12928135"]
[BlackFideId "12939889"]
[EventCountry "GER"]
[EventRounds "7"]
[EventType "team-swiss"]
[EventDate "2016.12.26"]

1. e4 {[%clk 1:30:56]} c5 {[%clk 1:30:55]} 2. d4 {[%clk 1:30:44]} cxd4 {[%clk
1:31:12]} 3. c3 {[%clk 1:31:02]} Nf6 {[%clk 1:31:07]} 4. Bc4 {[%clk 1:26:40]}
Nxe4 {[%clk 1:26:47]} 5. Bxf7+ {[%clk 1:26:33]} Kxf7 {[%clk 1:27:06]} 6. Qh5+
{[%clk 1:27:01]} g6 {[%clk 1:24:52]} 7. Qd5+ {[%clk 1:27:09]} e6 {[%clk
1:22:43]} 8. Qxe4 {[%clk 1:27:31]} Bg7 {[%clk 1:21:54]} 9. cxd4 {[%clk
1:27:11]} Qa5+ {[%clk 1:18:04]} 10. Nc3 {[%clk 1:26:14]} Re8 {[%clk 1:12:40]}
11. Nf3 {[%clk 1:24:27]} Nc6 {[%clk 1:04:46]} 12. Be3 {[%clk 1:05:33]} d6
{[%clk 0:58:45]} 13. Qh4 {[%clk 0:43:13]} Kg8 {[%clk 0:50:47]} 14. Ng5 {[%clk
0:35:53]} h6 {[%clk 0:50:59]} 15. Nge4 {[%clk 0:35:02]} g5 {[%clk 0:40:04]} 16.
Qh5 {[%clk 0:33:03]} Bd7 {[%clk 0:30:26]} 17. h4 {[%clk 0:25:13]} gxh4 {[%clk
0:18:44]} 18. Qxh4 {[%clk 0:19:20]} Qd8 {[%clk 0:11:31]} 19. Qg3 {[%clk
0:16:40]} Qe7 {[%clk 0:10:50]} 20. Rxh6 {[%clk 0:12:57]} Rf8 {[%clk 0:09:12]}
21. Bg5 {[%clk 0:12:07]} 1-0

[Event "DVM U16 2016"]
[Site "Neumarkt in der Oberpfalz GER"]
[Date "2016.12.28"]
[Round "4"]
[White "Roseneck, Jonas"]
[Black "Longo, Massimo"]
[Result "1-0"]
[Termination "normal"]
[Board "2.3"]
[WhiteElo "2094"]
[BlackElo "1919"]
[WhiteClock "00:56:17"]
[BlackClock "00:44:27"]
[WhiteTeam "SG Aufbau Elbe Magdeburg"]
[BlackTeam "SK Gräfelfing"]
[PlyCount "51"]
[WhiteFideId "12939870"]
[BlackFideId "16205227"]
[EventCountry "GER"]
[EventRounds "7"]
[EventType "team-swiss"]
[EventDate "2016.12.26"]

1. e4 {[%clk 1:30:45]} e6 {[%clk 1:30:55]} 2. d4 {[%clk 1:30:38]} d5 {[%clk
1:31:11]} 3. Nc3 {[%clk 1:31:01]} Nf6 {[%clk 1:31:16]} 4. e5 {[%clk 1:30:22]}
Nfd7 {[%clk 1:31:36]} 5. f4 {[%clk 1:30:38]} c5 {[%clk 1:31:42]} 6. Nf3 {[%clk
1:31:00]} Nc6 {[%clk 1:32:04]} 7. Be3 {[%clk 1:30:27]} a6 {[%clk 1:31:21]} 8.
Qd2 {[%clk 1:30:26]} Be7 {[%clk 1:30:04]} 9. Nd1 {[%clk 1:27:44]} c4 {[%clk
1:20:16]} 10. Be2 {[%clk 1:24:40]} O-O {[%clk 1:20:07]} 11. O-O {[%clk
1:20:23]} b5 {[%clk 1:17:36]} 12. c3 {[%clk 1:14:47]} Nb6 {[%clk 1:16:58]} 13.
Kh1 {[%clk 1:10:32]} f6 {[%clk 1:13:44]} 14. exf6 {[%clk 1:05:43]} gxf6 {[%clk
1:12:25]} 15. f5 {[%clk 1:05:06]} e5 {[%clk 1:03:33]} 16. dxe5 {[%clk 1:05:07]}
fxe5 {[%clk 1:01:56]} 17. Bxb6 {[%clk 1:05:24]} Qxb6 {[%clk 1:01:58]} 18. Qxd5+
{[%clk 1:05:47]} Kg7 {[%clk 1:01:28]} 19. Nxe5 {[%clk 1:04:30]} Bb7 {[%clk
0:56:07]} 20. Nd7 {[%clk 0:56:59]} Qd8 {[%clk 0:50:05]} 21. Qe6 {[%clk
0:57:15]} Bc8 {[%clk 0:48:46]} 22. Nxf8 {[%clk 0:57:38]} Qc7 {[%clk 0:46:06]}
23. f6+ {[%clk 0:55:38]} Kh8 {[%clk 0:46:19]} 24. Qf7 {[%clk 0:56:05]} Bd6
{[%clk 0:45:49]} 25. Qe8 {[%clk 0:56:17]} Bb7 {[%clk 0:44:27]} 26. Ng6# 1-0